Na Finexe'95 sa zúčastní takmer 230 vystavovateľov
Tretí ročník medzinárodného veľtrhu finančníctva, bankovníctva a poisťovníctva Finex'95 v Banskej Bystrici. Výstava je reprezentatívnym miestom stretnutia popredných domácich a zahraničných odborníkov z finančných a podnikateľských kruhov. Súčasťou Finexu'95 je konferencia "Profil a subjekty kapitál...
Gespeichert in:
| Format: | Buchkapitel |
|---|---|
| Sprache: | Slowakisch |
| Schlagworte: | |
| Tags: |
Keine Tags, Fügen Sie das erste Tag hinzu!
|
MARC
| LEADER | 00000naa a2200000 4500 | ||
|---|---|---|---|
| 001 | r017590 | ||
| 005 | 20221213100933.7 | ||
| 041 | 0 | |a slo | |
| 044 | |a SK | ||
| 245 | 1 | 0 | |a Na Finexe'95 sa zúčastní takmer 230 vystavovateľov |
| 520 | |a Tretí ročník medzinárodného veľtrhu finančníctva, bankovníctva a poisťovníctva Finex'95 v Banskej Bystrici. Výstava je reprezentatívnym miestom stretnutia popredných domácich a zahraničných odborníkov z finančných a podnikateľských kruhov. Súčasťou Finexu'95 je konferencia "Profil a subjekty kapitálového trhu", seminár "Teória a prax marketingu vo finančných inštitúciách", konferencia Infofinex (informatika vo finančníctve) a konferencia Fin Arch 95 (architektúra vo finančnom sektore). | ||
| 610 | 2 | 0 | |a Finex '95 |
| 610 | 2 | 0 | |a Banská Bystrica |
| 610 | 2 | 0 | |a Slovensko |
| 610 | 2 | 0 | |a 1995 |
| 610 | 2 | 0 | |a veľtrhy |
| 610 | 2 | 0 | |a konferencie |
| 610 | 2 | 0 | |a semináre |
| 610 | 2 | 0 | |a bankovníctvo |
| 610 | 2 | 0 | |a poisťovníctvo |
| 610 | 2 | 0 | |a peňažníctvo |
| 610 | 2 | 0 | |a marketing |